Технология и оборудование для очистки жидких отходов химических производств. ... 1987-1989 гг. (Запись № 5339036)

Подробности
000 -МАРКЕР
контрольное поле 01399nam2a22002291 4500
001 - ИДЕНТИФИКАТОР ЗАПИСИ
контрольное поле rc\397753
005 - ИДЕНТИФИКАТОР ВЕРСИИ
контрольное поле 20250621134342.0
035 ## - ДРУГИЕ СИСТЕМНЫЕ НОМЕРА
Идентификатор записи (NLR Aleph) 005805411
100 ## - ДАННЫЕ ОБЩЕЙ ОБРАБОТКИ
Данные общей обработки 20030616d1989 |||y0rusy50 ca
101 0# - ЯЗЫК РЕСУРСА
Язык текста, звукозаписи и т.д. русский
102 ## - СТРАНА ПУБЛИКАЦИИ ИЛИ ПРОИЗВОДСТВА
Страна публикации Российская Федерация
105 ## - ПОЛЕ КОДИРОВАННЫХ ДАННЫХ: ТЕКСТОВЫЕ МАТЕРИАЛЫ, МОНОГРАФИЧЕСКИЕ
Кодированные данные о монографическом текстовом документе y |||||||||
200 0# - ЗАГЛАВИЕ И СВЕДЕНИЯ ОБ ОТВЕТСТВЕННОСТИ
Основное заглавие ... 1987-1989 гг.
Первые сведения об ответственности Сост.: Л.П. Нечипоренко, Н.М. Шибут
210 ## - ПУБЛИКАЦИЯ, РАСПРОСТРАНЕНИЕ И ДР.
Дата издания, распространения и т.д. 1989 (вып. дан. 1990)
Место издания, распространения и т.д. Б. м.
215 ## - ФИЗИЧЕСКАЯ ХАРАКТЕРИСТИКА
Специфическое обозначение материала и объем 113 с.
461 #0 - УРОВЕНЬ НАБОРА
Встроенное поле 001rc\397752
-- 2001#$aТехнология и оборудование для очистки жидких отходов химических производств$eБиблиогр. указ. лит. ...$fБелорус. НИИ НТИ и техн.-экон. исслед. Госплана БССР, Респ. науч.-техн. б-ка при БелНИИНТИ$v... 1987-1989 гг.
Системный номер (АБИС) связанной записи 5339029
Место публикации Минск
Дата публикации 1989
Первые сведения об ответственности Белорус. НИИ НТИ и техн.-экон. исслед. Госплана БССР, Респ. науч.-техн. б-ка при БелНИИНТИ
Имя издателя, распространителя и т.д. БелНИИНТИ
Сведения, относящиеся к заглавию Библиогр. указ. лит. ...
Заглавие Технология и оборудование для очистки жидких отходов химических производств
Номер тома ... 1987-1989 гг.
801 #0 - ИСТОЧНИК ЗАПИСИ
Страна Российская Федерация
Организация NLR
Правила каталогизации psbo
801 #1 - ИСТОЧНИК ЗАПИСИ
Страна Российская Федерация
Организация ELAR
Источник данных rusmarc
852 ## - МЕСТОНАХОЖДЕНИЕ И ШИФР ХРАНЕНИЯ
Идентификатор организации NLR
Наименование фонда или коллекции (Sub-Location Identifier) С
Шифр хранения (Call Number) К-1/5133
942 ## - ДОПОЛНИТЕЛЬНЫЕ ЭЛЕМЕНТЫ ЗАПИСИ (АБИС)
Тип экземпляра АБИС Книга
980 ## - КОЛЛЕКЦИЯ
Название коллекции Национальная библиография
Экземпляры
Тип экземпляра Дата поступления Библиотека постоянного хранения Библиотека текущего хранения Место хранения Шифр хранения Штрих-код Статус экземпляра
Книга 26.10.2013 РНБ (Московский) РНБ (Московский) Центральная справочная библиотека С К-1/5133 1-3572507